LEADER 01085nam2-2200373---450- 001 990003390100203316 005 20100422123818.0 010 $a978-1-60761-584-2 035 $a000339010 035 $aUSA01000339010 035 $a(ALEPH)000339010USA01 035 $a000339010 100 $a20100422d2010----km-y0itay50------ba 101 $aeng 102 $aUS 105 $aa---||||001yy 200 1 $aVaccine adjuvants$emethods and protocols$fedited by Gwyn Davies 210 $aNew York [etc.]$cHumana Press$d2010 215 $aX, 314 p.$cill.$d24 cm 225 2 $aMethods in molecular biology$v626 225 2 $aSpringer Protocols 410 0$12001$aSpringer Protocols 410 0$1001000336582$12001$aMethods in molecular biology$v, 626 606 0 $aVaccini 676 $a615.372 702 1$aDAVIES,$bGwyn 801 0$aIT$bsalbc$gISBD 912 $a990003390100203316 951 $a615.372 VAC$b5354 Farm.$c615$d00257536 959 $aBK 969 $aFAR 979 $aPAOLA$b90$c20100422$lUSA01$h1238 996 $aVaccine adjuvants$91126809 997 $aUNISA LEADER 01963nam 2200589 450 001 9910660235703321 005 20200520144314.0 010 $a1-4698-7611-6 035 $a(CKB)1000000000753679 035 $a(EBL)3418322 035 $a(SSID)ssj0000446112 035 $a(PQKBManifestationID)11923926 035 $a(PQKBTitleCode)TC0000446112 035 $a(PQKBWorkID)10491410 035 $a(PQKB)10739026 035 $a(Au-PeEL)EBL2032559 035 $a(CaPaEBR)ebr10825398 035 $a(CaONFJC)MIL73036 035 $a(OCoLC)908076001 035 $a(MiAaPQ)EBC2032559 035 $a(OCoLC)794924574 035 $a(EXLCZ)991000000000753679 100 $a20040315h20042004 uy| 0 101 0 $aeng 135 $aur|n|---||||| 181 $ctxt 182 $cc 183 $acr 200 00$aRheumatoid arthritis /$feditors, E. William St. Clair, David S. Pisetsky, Barton F. Haynes ; with contributing authors 210 1$aPhiladelphia :$cLippincott Williams & Wilkins,$d[2004] 210 4$dİ2004 215 $a1 online resource (568 p.) 225 1 $aHandout on health 225 1 $aNIH publication ;$vno. 09-4179 300 $aDescription based upon print version of record. 311 $a0-7817-4149-1 320 $aIncludes bibliographical references and index. 327 $apart I. Clinical, laboratory, and radiologic features -- part II. Pathogenesis -- part III. Therapy -- part IV. Special management. 606 $aRheumatoid arthritis 615 0$aRheumatoid arthritis. 676 $a616.7/227 701 $aSt. Clair$b E. William$01168676 701 $aPisetsky$b David S$01168677 701 $aHaynes$b Barton F$01168678 712 02$aNational Institute of Arthritis and Musculoskeletal and Skin Diseases (U.S.) 801 0$bMiAaPQ 801 1$bMiAaPQ 801 2$bMiAaPQ 906 $aBOOK 912 $a9910660235703321 996 $aRheumatoid arthritis$92721434 997 $aUNINA